| 000 | 00499nam a22001697a 4500 | ||
|---|---|---|---|
| 005 | 20231026083902.0 | ||
| 008 | 231026b |||||||| |||| 00| 0 eng d | ||
| 020 | _a0702112593 | ||
| 041 | _aEnglish | ||
| 082 | _a346.7 WIL | ||
| 100 |
_aWillis, N _lEnglish |
||
| 245 |
_aBanking in South African Law / _cN Willis |
||
| 260 |
_aCape Town : _bJuta & Company Ltd, _c1981 |
||
| 300 |
_bxxxiii, 388 pages ; _c26,2 cm. |
||
| 650 |
_aLegal practice _bLaw |
||
| 942 |
_cBK _6ALISON_BN_VRIES |
||
| 999 |
_c73 _d73 |
||